000 00535nam a2200181Ia 4500
003 GCL
008 140319s9999 xx 000 0 ara d
040 _aGCL /
_cGCL
082 0 4 _a426
_bع ع
100 1 _aممدوح عبدالرحمن الرمالى
245 1 0 _aالعربية والتطبيقات العروضية /
_cممدوح عبدالرحمن الرمالى
300 _a135
490 _aكتاب
_v0
650 0 4 _aالنحو
650 0 4 _aاللغة العربية
650 0 4 _aعلم العروض
942 _2ddc
_cBK
999 _c41230
_d41230